Responses for Jeopardy! Masters game #4 - Tuesday, May 9, 2023

2023 Jeopardy! Masters quarterfinal game 4.

Contestants

[<< previous game]

Matt Amodio, a postdoctoral researcher from Cambridge, Massachusetts

James Holzhauer, a self-described game show villain from Las Vegas, Nevada

Andrew He, a software developer from San Francisco, California

[next game >>]

Jeopardy! Round responses

THE OTHER MASTERS
LIBRARIES
OVERWROUGHT HISTORY
ETHIOPIA
YOU SPEAK LATIN, RIGHT?
NEED! COFFEE! NOW!
    200 17
Augusta

Matt
    200 27
the Titanic

James
    200 28
the Articles of Confederation

James
    200 20
(Andrew: What is Farm Aid?)

Live Aid

AndrewJames
    200 29
Veni, vidi, vici

James
    200 30
(Ken: That's correct. These guys are so smart, they know Reese Witherspoon's coffee order.)

a latte

Andrew
    400 16
Amen Corner

James
    400 26
Walmart

Andrew
    400 25
1814

Matt
    400 19
Abyssinia

James
    400 22
a posteriori

Andrew
    400 24
French press

Andrew
    600 15
Jack Nicklaus

James
    600 13
Carnegie

Andrew
    600 5
Thomas à Becket

Matt
    600 18
Amharic

James
    600 21
alibi

James
    600 23
Kona

James
    800 14
Bobby Jones

James
    800 12
Quebec

James
    800 3
Robespierre

Andrew
    2,600 7
Queen of Sheba

Matt
    800 9
ad hominem

Andrew
    800 10
Arabica

Andrew
    1000 4
Ben Hogan

James
    1000 11
the Bibliothèque nationale (of France)

Matt
    1000 2
the Hanseatic League

James
    1000 6
African Union

Matt
    1000 8
(Matt: [Selecting the clue] I remember some of my high school Latin. 1,000.)
(Ken: Let's find out how much.)

casus belli

Andrew
    1000 1
(Ken: For those of you at home who would like to know where the Daily Double is hiding for this game, we'll reveal that right now. [Beep boop] And we're back.)

good to the last drop

Matt

Scores at the end of the Jeopardy! Round:

Andrew James Matt
5,200 7,600 6,800

Double Jeopardy! Round responses

PLEASE LOOK THROUGH THE TELESCOPE
RHYMINGLY NAMED CELEBS
LITERATURE
CONTRONYMS
A NEW COAT
"OF" PAINT
(Ken: You'll supply the title of each artwork with the word "of" in its title.)
    400 30
(Ken: You needed that, yes. 28,400 exactly. You are in a tie for the lead with "Jeopardy! James" Holzhauer.)
[James high-fives Matt.]

Orion

Matt
    400 29
(Matt: Oh... [blows air] um, what's [**]? [Shakes head])
(Ken: Uhhh... Yeah, we'll take that, [*].)
(Matt: [Surprised] Oh, it does rhyme!)
(Ken: You didn't do the rhyme, but... You look as surprised as anyone.)

Shaquille O'Neal (Shaq accepted)

Matt
    400 28
the Divine Comedy

James
    400 27
screen

James
    400 25
a trench coat

James
    400 26
(Ken: You are tied for the lead.)

Adoration of the Magi

James
    800 11
Neptune

James
    800 23
Fay Wray

Andrew
    800 3
in the Rue Morgue

Andrew
    800 19
table

Andrew
    800 24
a peacoat

James
    13,200 9
(Matt: [Making his wager] Thirteen thousand, one hundred and nine--no. Thirteen thousand, two hundred.)
(Ken: [Laughing] Let's round up. Thirteen two.)

Death of Marat

Matt
    1200 10
plasma

James
    1200 22
[James also gives his response doing an impression.]
(Ken: Well, yours was better than mine, I think.)

Harry Caray

James
    1200 1
(Ken: Now for those of you at home who are wondering where the Daily Doubles are, we'll show that right now. [Beep boop] Andrew, go ahead and select.)
...
(Ken: The shoes are on and he's back.)

Charles Dodgson

James
    1200 18
(Matt: What's... hew?)

cleave

Matt
Triple Stumper
    1200 13
(Matt: What's Thunberg?)

Jane Fonda

Matt
Triple Stumper
    1200 6
Joy of Life

Matt
    1600 8
Crab Nebula

Matt
    1600 21
(Ken: Elvis Costello's longtime Attractions keyboardist, [*].)

Steve Nieve

Triple Stumper
    1600 2
Allende

James
    1600 17
continuance

Matt
    10,400 14
(James: [Wagering] Eh, send it in.)
(Ken: 10,400, am I understanding you correctly?)
(James: [Overlapping] Yeah, yeah.)

(Charles) MacIntosh

James
    1600 5
School of Athens

Matt
    2000 12
(Ken: By the way, that's the first clue in the entire game that no one has answered correctly.)

Tycho (for Tycho Brahe)

Triple Stumper
    2000 20
Wavy Gravy

Matt
    2000 4
Brother Cadfael

Matt
    2000 16
an apology

James
    2000 15
an anorak

James
    2000 7
(James: What is Portrait of Dr. Gachet?)

The Anatomy Lesson of Dr. Nicolaes Tulp

AndrewJames

Scores at the end of the Double Jeopardy! Round:

Andrew James Matt
9,600 28,400 28,400

[wagering suggestions for these scores]

Final Jeopardy! Round responses

WESTERN HEMISPHERE HISTORY
[Andrew makes a "stirring the stew pot" motion when his response is revealed.]
(Ken: [To Andrew] I wish I could give you credit for that. It is certainly true. My guess is you did not make the biggest bet in the world, if that was your guess.)
...
[James's response was revealed before Matt's.]
(Ken: James, [*] was right. We were talking about Jean Vilbrun Guillaume Sam.)
AndrewWhat is baby we got a stew game goin'
0
JamesWhat Haiti Nicaragua
28,400
MattWhat Nicaragua
1,000
Haiti

Final scores:

Andrew James Matt
9,600 0 27,400
2nd place: 4 match points 3rd place: 3 match points Winner: 3 match points

Game dynamics:

Coryat scores:

Andrew James Matt
9,600 19,600 14,200
13 R,
1 W
27 R
(including 1 DD),
1 W
16 R
(including 2 DDs),
2 W

Combined Coryat: 43,400

[game clues] [game scores] [suggest correction]

Game tape date: 2023-03-14
The J! Archive is created by fans, for fans. Scraping, republication, monetization, and malicious use prohibited; this site may use cookies and collect identifying information. See terms. The Jeopardy! game show and all elements thereof, including but not limited to copyright and trademark thereto, are the property of Jeopardy Productions, Inc. and are protected under law. This website is not affiliated with, sponsored by, or operated by Jeopardy Productions, Inc. Join the discussion at JBoard.tv.